[Event "Muscat-ch op"]
[Site "Muscat"]
[Date "2024.12.30"]
[Round "7"]
[White "Mosadeghpour, Masoud"]
[Black "Napone, Emerson"]
[Result "1-0"]
[WhiteElo "2419"]
[BlackElo "1930"]
[PlyCount "95"]
[EventDate "2024.12.26"]
[EventType "swiss"]
[EventRounds "9"]
[EventCountry "OMN"]
[SourceTitle "CB01_2025"]
[SourceDate "2025.01.01"]
[SourceVersion "1"]
[SourceVersionDate "2025.01.01"]
[SourceQuality "1"]

1. Nf3 Nf6 2. g3 d5 3. Bg2 h5 4. d4 Bf5 5. c4 e6 6. Nc3 Nc6 7. Ne5 Nb4 8. 0-0 c6 9. a3 Na6 10. Qa4 Nc7 11. Bf4 Bd6 12. f3 h4 13. e4 h3 14. Bh1 Bh7 15. Nxc6 bxc6 16. Qxc6+ Ke7 17. e5 Nce8 18. Nb5 dxc4 19. exf6+ gxf6 20. Qb7+ Qd7 21. Nxd6 Nxd6 22. Bxd6+ Kxd6 23. Qb4+ Kc7 24. Qxc4+ Kd8 25. Rac1 Rb8 26. b4 Rb6 27. f4 Rd6 28. Qc5 Ke7 29. Rfd1 Rd8 30. Bc6 Qc7 31. Bg2 Qd7 32. Bxh3 Kf8 33. Bg2 Kg7 34. Bc6 Qe7 35. Bf3 Qd7 36. Bc6 Qe7 37. Bf3 Qd7 38. Kf2 Qa4 39. Qc3 Qb5 40. Qc5 Qa4 41. Qc3 Qb5 42. g4 Qb8 43. Qe3 Qb5 44. Rc5 Qb8 45. g5 Bf5 46. gxf6+ Kh7 47. Be4 Kg6 48. Qg3+ 1-0

[Event "Muscat-ch op"]
[Site "Muscat"]
[Date "2024.12.28"]
[Round "4"]
[White "Nezad, Husein Aziz"]
[Black "Napone, Emerson"]
[Result "1-0"]
[WhiteElo "2329"]
[BlackElo "1930"]
[PlyCount "43"]
[EventDate "2024.12.26"]
[EventType "swiss"]
[EventRounds "9"]
[EventCountry "OMN"]
[SourceTitle "CB01_2025"]
[SourceDate "2025.01.01"]
[SourceVersion "1"]
[SourceVersionDate "2025.01.01"]
[SourceQuality "1"]

1. d4 Nf6 2. Nf3 e6 3. Bf4 c5 4. e3 b6 5. Nc3 Nh5 6. d5 Nxf4 7. exf4 Be7 8. g3 Bf6 9. Ne5 0-0 10. Bg2 Bb7 11. 0-0 d6 12. dxe6 Bxg2 13. Nxf7 Qe7 14. Kxg2 Qxe6 15. Nxd6 Nc6 16. Re1 Qd7 17. Nce4 Bxb2 18. Qd5+ Kh8 19. Ng5 Rad8 20. Ndf7+ Rxf7 21. Nxf7+ Kg8 22. Nh6+ 1-0

[Event "Muscat-ch op"]
[Site "Muscat"]
[Date "2024.12.27"]
[Round "3"]
[White "Napone, Emerson"]
[Black "Orozbaev, Eldiar"]
[Result "1-0"]
[WhiteElo "1930"]
[BlackElo "2420"]
[PlyCount "121"]
[EventDate "2024.12.26"]
[EventType "swiss"]
[EventRounds "9"]
[EventCountry "OMN"]
[SourceTitle "CB01_2025"]
[SourceDate "2025.01.01"]
[SourceVersion "1"]
[SourceVersionDate "2025.01.01"]
[SourceQuality "1"]

1. e4 e6 2. d4 d5 3. Nc3 Nf6 4. e5 Nfd7 5. Nce2 c5 6. c3 Nc6 7. a3 Be7 8. f4 cxd4 9. cxd4 f6 10. Nf3 0-0 11. Nc3 fxe5 12. fxe5 Bh4+ 13. g3 Rxf3 14. Qxf3 Nxd4 15. Qd1 Nxe5 16. Be2 Bf6 17. 0-0 Nec6 18. Bd3 g6 19. Bh6 Nf5 20. Bxf5 gxf5 21. Qh5 Bd7 22. g4 Be8 23. Qh3 Nd4 24. Rf2 Bg6 25. Raf1 Rc8 26. Qe3 Qd7 27. h4 Nc6 28. h5 d4 29. Qd2 Ne5 30. Ne4 Bg7 31. hxg6 fxe4 32. Rf7 Nxf7 33. gxf7+ Qxf7 34. Rxf7 Bxh6 35. Qxh6 Kxf7 36. Qxh7+ Kf6 37. Qxe4 Rd8 38. g5+ Ke7 39. Qxb7+ Rd7 40. Qb4+ Kf7 41. Kf2 Kg6 42. Qd2 Kf5 43. Kf3 e5 44. Qd3+ Kxg5 45. Ke4 Kf6 46. Qf3+ Ke7 47. Kxe5 Kd8 48. Qf8+ Kc7 49. Qc5+ Kd8 50. Qxd4 Rxd4 51. Kxd4 Kc7 52. Kc5 Kb7 53. a4 Kc7 54. a5 Kb7 55. Kb5 Ka8 56. Ka6 Kb8 57. b3 Ka8 58. b4 Kb8 59. b5 Ka8 60. b6 Kb8 61. b7 1-0

[Event "Suhar op"]
[Site "Suhar"]
[Date "2024.12.15"]
[Round "7"]
[White "Al Maqbali, Faham Said"]
[Black "Napone, Emerson"]
[Result "0-1"]
[WhiteElo "1775"]
[BlackElo "1930"]
[PlyCount "114"]
[EventDate "2024.12.12"]
[EventType "swiss"]
[EventRounds "7"]
[EventCountry "OMN"]
[SourceTitle "CB52_2024"]
[SourceDate "2024.12.25"]
[SourceVersion "1"]
[SourceVersionDate "2024.12.25"]
[SourceQuality "1"]

1. Nf3 d5 2. g3 Nf6 3. Bg2 c5 4. d3 Nc6 5. Nbd2 Bg4 6. c3 e6 7. 0-0 Be7 8. h3 Bh5 9. Re1 0-0 10. Qb3 Rb8 11. e4 b5 12. exd5 exd5 13. Ne5 Nxe5 14. Rxe5 Bd6 15. Re1 Re8 16. Rxe8+ Qxe8 17. Nf3 Qe2 18. Nh2 Qxd3 19. Qa3 Qd1+ 20. Nf1 Ne4 21. Qb3 Qe2 22. Bxe4 Qxe4 23. g4 Bg6 24. Qd1 Rd8 25. Bg5 f6 26. Bh4 Bf7 27. Bg3 d4 28. Bxd6 Rxd6 29. Ng3 Qf4 30. Nf5 Rd8 31. cxd4 cxd4 32. a4 b4 33. Qd3 h5 34. f3 g6 35. Ne7+ Kg7 36. Kg2 Re8 37. Re1 Qd6 38. Re4 h4 39. g5 Rxe7 40. gxf6+ Qxf6 41. Rxe7 Qxe7 42. Qxd4+ Kg8 43. Kf2 Qc7 44. Qxh4 Qc2+ 45. Kg3 Qxb2 46. Qd8+ Kg7 47. h4 b3 48. h5 Qe5+ 49. Kg2 b2 50. h6+ Kxh6 51. Qf8+ Kh5 52. Qxf7 b1Q 53. Qh7+ Kg5 54. f4+ Qxf4 55. Qe7+ Kg4 56. Qe2+ Kf5 57. Qb5+ Qxb5 0-1

[Event "OMA-ch Clubs 7th"]
[Site "Muscat"]
[Date "2024.07.17"]
[Round "8.1"]
[White "Napone, Emerson"]
[Black "Al Hanai, Said Hashil"]
[Result "1-0"]
[WhiteElo "1899"]
[BlackElo "1666"]
[PlyCount "85"]
[EventDate "2024.07.11"]
[EventType "team-swiss"]
[EventRounds "9"]
[EventCountry "OMN"]
[SourceTitle "EXT 2025"]
[Source "ChessBase"]
[SourceDate "2024.10.14"]
[SourceVersion "1"]
[SourceVersionDate "2024.10.14"]
[SourceQuality "1"]
[WhiteTeam "Masirah Blue"]
[BlackTeam "Al Salam"]
[WhiteTeamCountry "OMN"]
[BlackTeamCountry "OMN"]

1. e4 e5 2. Bc4 Bc5 3. Nf3 Nc6 4. 0-0 Nf6 5. d4 Nxd4 6. Nxe5 0-0 7. a4 a6 8. Bg5 Ne6 9. Bh4 Be7 10. Nc3 c6 11. Qe2 d6 12. Nf3 Qa5 13. Rfd1 Re8 14. Bg3 Nh5 15. Qd2 Rd8 16. Nd5 Qxd2 17. Nxe7+ Kf8 18. Rxd2 Kxe7 19. a5 f6 20. b4 g6 21. Rad1 Nef4 22. e5 d5 23. exf6+ Kf7 24. Bb3 h6 25. c4 Be6 26. cxd5 cxd5 27. Nd4 Kxf6 28. Nxe6 Kxe6 29. Bxf4 Nxf4 30. g3 Nh3+ 31. Kg2 Ng5 32. h4 Nh7 33. Bxd5+ Ke7 34. Bxb7 Rxd2 35. Rxd2 Rb8 36. Bxa6 Rxb4 37. Bd3 Rd4 38. a6 Rd7 39. Re2+ Kf6 40. Be4 Nf8 41. Bb7 Ne6 42. Rxe6+ Kxe6 43. Bc8 1-0

[Event "OMA-ch Clubs 7th"]
[Site "Muscat"]
[Date "2024.07.12"]
[Round "2.1"]
[White "Napone, Emerson"]
[Black "Al Darwashi, Usama"]
[Result "1-0"]
[WhiteElo "1899"]
[BlackElo "1703"]
[PlyCount "69"]
[EventDate "2024.07.11"]
[EventType "team-swiss"]
[EventRounds "9"]
[EventCountry "OMN"]
[SourceTitle "EXT 2025"]
[Source "ChessBase"]
[SourceDate "2024.10.14"]
[SourceVersion "1"]
[SourceVersionDate "2024.10.14"]
[SourceQuality "1"]
[WhiteTeam "Masirah Blue"]
[BlackTeam "Al Nahda II"]
[WhiteTeamCountry "OMN"]
[BlackTeamCountry "OMN"]

1. e4 c6 2. d4 d5 3. exd5 cxd5 4. Bd3 Nc6 5. c3 Nf6 6. a4 Qc7 7. Na3 a6 8. b4 e5 9. b5 Nxd4 10. Bb2 Ne6 11. Ne2 Bd6 12. Ng3 e4 13. Be2 Nf4 14. 0-0 h5 15. c4 h4 16. Bxf6 hxg3 17. Bxg7 gxh2+ 18. Kh1 Rg8 19. Bh6 Bh3 20. gxh3 Nxh3 21. Bg4 Ng1 22. bxa6 Bxa3 23. Rxa3 Qd6 24. axb7 Rb8 25. Bc1 d4 26. Rg3 Rg6 27. Kxh2 Rxg4 28. Qxg4 Nf3+ 29. Kg2 f5 30. Qg8+ Kd7 31. Rg7+ Kc6 32. Qc8+ Kb6 33. c5+ Qxc5 34. Qxb8 Qe5 35. Qxe5 1-0